|
|
|
|
| LEADER |
01182nam a2200265 a 4500 |
| 001 |
11785467 |
| 008 |
101102r20052000njua b 001 0 eng d |
| 010 |
|
|
|a 99045765
|
| 020 |
|
|
|a 8178083078
|
| 020 |
|
|
|a 0130160938
|
| 040 |
|
|
|a DLC
|c DLC
|d DLC
|d BD-DhAAL
|
| 082 |
0 |
0 |
|a 005.8
|2 21
|
| 100 |
1 |
|
|a Stallings, William.
|
| 245 |
1 |
0 |
|a Network security essentials :
|b applications and standards /
|c William Stallings.
|
| 260 |
|
|
|a Upper Saddle River, NJ :
|b Prentice Hall ;
|a New Delhi :
|b Pearson Education,
|c c2000
|g (reprinted 2005).
|
| 300 |
|
|
|a xiii, 366 p. :
|b ill. ;
|c 23 cm.
|
| 490 |
1 |
|
|a William Stallings books on computer and data communications technology
|
| 504 |
|
|
|a Includes bibliographical references.
|
| 541 |
|
|
|e 00013572
|
| 650 |
|
0 |
|a Computer networks
|x Security measures.
|
| 650 |
|
0 |
|a Computer security.
|
| 800 |
1 |
|
|a Stallings, William.
|t William Stallings books on computer and data communications technology.
|
| 852 |
4 |
|
|a Ayesha Abed Library
|j General shelf.
|
| 999 |
|
|
|c 10022
|d 10022
|
| 952 |
|
|
|0 0
|1 0
|2 ddc
|4 0
|6 005_800000000000000_STA
|7 0
|9 13038
|a BRACUL
|b BRACUL
|c GEN
|d 2010-11-02
|g 238.40
|l 4
|m 27
|o 005.8 STA
|p 3010013572
|r 2026-04-18
|s 2026-03-03
|t 1
|w 2010-11-02
|y BK
|x RS-200.00
|